000 00478nam a2200193 a 4500
001 BRCA_6190
005 20190320205351.0
008 120711s1903----gw-#######---#000-0#ger-#
041 _ager
044 _agw
050 4 _aPT2526 S3
_b.B16 1903
245 1 0 _aWilhelmine Buchhilz´ Memoiren
_cvon Julius Stinde
260 _aBerlín
_bG. Grotesche
_c1903
300 _a232 p.
_c21 cm.
500 _aI50
650 1 4 _aLiteratura Alemana
_96160
902 _aGFM
942 _2lcc
_cB
999 _c5877
_d5877